000 00629nam a2200205 i 4500
001 89574
003 ES-MaACL
005 20230906180225.0
007 t|
008 050111s1913 fr ||||1| fre d
100 1 _aLassablière, P.
_970456
245 1 0 _aHygiène du premier age /
_cpar P. Lassablière.
260 _aParís :
_bOctave Doin,
_c1913 (
_ePoitiers :
_fSoc. Française d'Imprimerie)
300 _aX, 352 p. :
_bil. ;
_c18 cm.
490 1 _aEncyclopédie scientifique
650 4 _aHigiene infantil.
_9136229
830 0 _aEncyclopédie scientifique
_9180883
852 _aES-MaACL
_jD-4451
999 _c89574
_d89574